Nutrient neutrality and housing development (Record no. 121677)

MARC details
000 -LEADER
fixed length control field 01087nam a22001817a 4500
008 - FIXED-LENGTH DATA ELEMENTS--GENERAL INFORMATION
fixed length control field 231013s2023 xxk|||||o||||o00| 0 eng d
245 ## - TITLE STATEMENT
Title Nutrient neutrality and housing development
Medium [Electronic resource]
260 ## - PUBLICATION, DISTRIBUTION, ETC.
Place of publication, distribution, etc. London,
Name of publisher, distributor, etc. House of Commons Library,
Date of publication, distribution, etc. 13 October 2023
490 ## - SERIES STATEMENT
Series statement Research Briefing
520 ## - SUMMARY, ETC.
Summary, etc. A House of Commons Library research briefing discusses nutrient neutrality, the Government's plans to amend the Conservation of Habitats and Species Regulations 2017 which were defeated in the Lords, and provisions in the Levelling-up and Regeneration Bill 2022-23 for a new duty on water and sewerage companies to upgrade their wastewater treatment works by 2030 in areas where habitats sites are in "unfavourable condition".
650 ## - SUBJECT ADDED ENTRY--TOPICAL TERM
Topical term or geographic name entry element HOUSING
650 ## - SUBJECT ADDED ENTRY--TOPICAL TERM
Topical term or geographic name entry element NUTRIENT NEUTRALITY
650 ## - SUBJECT ADDED ENTRY--TOPICAL TERM
Topical term or geographic name entry element PLANNING AND DEVELOPMENT
690 ## - LOCAL SUBJECT ADDED ENTRY--TOPICAL TERM (OCLC, RLIN)
9 (RLIN) 6238
Topical term or geographic name as entry element Environment
710 ## - ADDED ENTRY--CORPORATE NAME
9 (RLIN) 1448
Corporate name or jurisdiction name as entry element Parliament. House of Commons. Library
856 ## - ELECTRONIC LOCATION AND ACCESS
Uniform Resource Identifier <a href="https://commonslibrary.parliament.uk/research-briefings/cbp-9850/">https://commonslibrary.parliament.uk/research-briefings/cbp-9850/</a>
Public note Available online at the House of Commons Library
942 ## - ADDED ENTRY ELEMENTS (KOHA)
Source of classification or shelving scheme Dewey Decimal Classification
Holdings
Withdrawn status Lost status Source of classification or shelving scheme Damaged status Not for loan Home library Current library Shelving location Date acquired Total Checkouts Date last seen Price effective from Koha item type
    Dewey Decimal Classification     Virtual Virtual Online 13/10/2023   13/10/2023 13/10/2023 Online material